1016 1995 1806 1389 1975 1553 1495 1985 1163 1501 1405 1300 1129 1799 1479 1492 1151 1023 1554 1870 1463 1450 1520 1375 1635 1111 1778 1665 1592 1734 1537 1567 1713 1646 1003 1795 1939 1424 1679 1142 1677 1353 1666 1361 1481 1329 1320 1707 1486 1299 1869 1956 1339 1266 1179 1331 1664 1311 1703 1588 1767 1202 1814 1120 1261 1790 1514 1938 1124 1871 1613 1160 1887 1606 1143 1774 1110 1998 1884 1223 1537 1274 1758 1905 1415 1186 1978 1304 1819 1454 1102 1872 1202 1136 1986 1230 1372 1575 1717 BCNSPRNW ULIB Ver.6.0+V

เปลี่ยนเป็นภาษาไทย

Change to English
 แสดงรายละเอียดบรรณานุกรม
  กลับหน้าหลัก

Brief Record : Get Marc (ISO 2709) : E-mail record : QR code < ปิดหน้าต่าง
LEADER : 00000nam 2200000uu 4500
001    13399109307
003     ULIB
008    110328s2545||||th 000 0 tha d
020    97446570006
060 04 WA546.JT3^bศ653ห 2545
110 1  กระทรวงสาธารณสุข^bสำนักนโยบายและยุทธศาสตร์^bกลุ่มสนับสนุนและพัฒนาการกระจายอำนาจด้านสุขภาพ
245 00 1 ปี การกระจายอำนาจด้านสุขภาพ:กรณีศึกษา 10 จังหวัด /^cกลุ่มสนับสนุนและพัฒนาการกระจายอำนาจด้านสุขภาพ สำนักนโยบายและยุทธศาสตร์ กระทรวงสาธารณสุข ; เรียบเรียง,ศิริพรรณ พันธุมะโอภาส ... [และคนอื่นๆ]
250    พิมพ์ครั้งที่ 1
260    นนทบุรี :^bสำนักงานสนับสนุนและพัฒนาการกระจายอำนาจด้านสุขภาพ (สพกส.),^c2545
300    86 หน้า
650  7 การกระจายอำนาจด้านสุขภาพ
700 0  ศิริพรรณ พันธุมะโอภาส
700 0  รำไพ แก้ววิเชียร
700 0  ทัศนีย์ บัวคำ
945    ^p0^l0^i019089
945    ^p0^l0^i019088
995    ทศพร
999 ^a ใช้งานได้ทุกระบบ
รายการนี้ยังไม่มีแท็ก
คุณยังไม่ได้ล็อกอิน คุณสามารถมีกิจกรรมร่วมกับเว็บไซต์ได้ แต่ต้องล็อกอินก่อน ::
  ล็อกอิน

รายการสื่อสารสนเทศ

ลำดับที่ ประเภท เลขเรียก/บาร์โค้ด สถานที่ สถานะ
- ไม่พบข้อมูล -

รายการใกล้เคียง
    หัวเรื่อง [การกระจายอำนาจด้านสุขภาพ]

BibComment


ยังไม่เคยถูกคอมเมนท์

คอมเมนท์ทรัพยากรรายการนี้
  คอมเมนท์: 1 ปี การกระจายอำน..


 Copyright 2026. Bcnsprnw @Library